El Presupuesto general de la nación para 2002

Gespeichert in:
Bibliographische Detailangaben
Format: Text
Schlagworte:
Tags: Tag hinzufügen
Keine Tags, Fügen Sie den ersten Tag hinzu!

MARC

LEADER 00000 a a2200000 04500
001 6542
003
040
245 |a El Presupuesto general de la nación para 2002  
650 |a INGRESOS PUBLICOS  
650 |a PRESUPUESTO NACIONAL  
650 |a DEUDA PUBLICA  
650 |a MODELOS ECONOMICOS  
650 |a PRESUPUESTO NACIONAL  
773 |g volumen 22, número 977; páginas 7-9  
999 |c 37826  |d 37826